Curso de física básica conceptos y aplicaciones / (Registro nro. 7134)
[ vista simple ]
| 000 -LIDER | |
|---|---|
| fixed length control field | 00849nam a2200241 a 4500 |
| 001 - NÚMERO DE CONTROL | |
| Identificador de número de control | 000044335 |
| 003 - IDENTIFICACDOR DE NÚMERO DE CONTROL | |
| control field | 000044335 |
| 005 - DATE AND TIME OF LATEST TRANSACTION | |
| control field | 20180226101920.0 |
| 008 - ELEMENTOS DE LONGITUD FIJA | |
| fixed length control field | 140617s199? dr a 000 0 spa d |
| 040 ## - FUENTE DE CATALOGACIÓN | |
| Agencia que crea de manera original el registro | BPMET |
| Idioma de catalogación | spa |
| Agencia que realiza la transcripción | BPMET |
| 092 ## - LOCALLY ASSIGNED DEWEY DECIMAL CALL NUMBER | |
| Número de clasificación | xxxxxx |
| Número de ítem (Cutter) | xxxxxx |
| 100 1# - ASIENTO PRINCIPAL -- NOMBRE PERSONAL | |
| Nombre personal | Rosa, Alma de la |
| 245 10 - MENCIÓN DE TITULO | |
| Título | Curso de física básica conceptos y aplicaciones / |
| Mención de responsabilidad | Alma de la Rosa, Clara Elena Florezán, Ondina Moya. |
| 260 ## - PUBLICACIÓN, DISTRIBUCIÓN, ETC. (PIE DE IMPRENTA) | |
| Lugar de publicación, distribución, etc | Santo Domingo : |
| Nombre del editor, distribuidor, etc. | UASD, |
| Fecha de publicación, distribución, etc | 199? |
| 300 ## - DESCRIPCIÓN FÍSICA | |
| Extensión | 210 p. : |
| Otros detalles físicos | il. ; |
| Dimensiones | 27 cm. |
| 500 ## - NOTA GENERAL | |
| Nota general | Para uso de los estudiantes de física básica, del ciclo básico de la Universidad Autónoma de Santo Domingo |
| 700 1# - ASIENTO SECUNDARIO -- NOMBRE PERSONAL | |
| Nombre personal | Florezán, Clara Elena |
| 700 1# - ASIENTO SECUNDARIO -- NOMBRE PERSONAL | |
| Nombre personal | Moya, Ondina |
| 710 ## - ASIENTO SECUNDARIO -- NOMBRE CORPORATIVO | |
| Término de relación | Universidad Autónoma de Santo Domingo |
| 942 ## - ADDED ENTRY ELEMENTS (KOHA) | |
| Source of classification or shelving scheme | Dewey Decimal Classification |
| Koha item type | Libros |
| 945 ## - INFORMACIÓN DE PROCESAMIENTO LOCAL | |
| Información de procesamiento local | Inventariado, 2018 / BT |
| 956 ## - LOCAL ELECTRONIC LOCATION AND ACCESS (OCLC) | |
| Nombre de host | VMATEO |
| Número de acceso | 10 |
| Información de compresión | 20150914 |
| Inicio de sesión | BPMSU |
| Procesador de solicitud | 0069 |
| Withdrawn status | Lost status | Source of classification or shelving scheme | Damaged status | Not for loan | Collection code | Home library | Current library | Date acquired | Source of acquisition | Total Checkouts | Barcode | Date last seen | Price effective from | Koha item type |
|---|---|---|---|---|---|---|---|---|---|---|---|---|---|---|
| Dewey Decimal Classification | Colección Dominicana | Biblioteca Pública Metropolitana Salomé Ureña | Biblioteca Pública Metropolitana Salomé Ureña | 07/14/2014 | FUNDI | BPMSU15040529 | 07/14/2014 | 07/14/2014 | Libros |